Phases finales de la Champions Cup 2024-2025. - Statistiques

Statistiques générales
  • Ce quiz a été pris 31 fois
  • Le résultat moyen est 12 sur 16
Statistiques - réponses
Réponse % Correct
Stade toulousain
100%
Union Bordeaux-Bègles
100%
RC Toulon
92%
Leinster
88%
Northampton Saints
88%
Munster
79%
Castres olympique
79%
Stade rochelais
79%
Ulster
63%
Sale Sharks
63%
Saracens
58%
ASM Clermont
58%
Benetton Trévise
54%
Glasgow Warriors
54%
Harlequins
54%
Leicester Tigers
50%
Aucun quiz correspondant
Distribution des résultats
% des personnes avec chaque résultat
Percentile par nombre de réponses
Votre historique - résultats
Vous n’avez pas pris ce quiz